000 00291nam a2200121Ia 4500
005 20251222154319.0
008 251222s9999||||xx |||||||||||||| ||spa||
020 _a10201992
082 _a220.5/E69
245 0 _aCómo Leer la Biblia en Grupo
264 _bLa Casa de la Biblia
942 _cLIB
999 _c33698
_d33698